[Event "Going Dutch"]
[Site "SchemingMind.com"]
[Date "2009.05.20"]
[Round "-"]
[White "lemmie"]
[Black "goodknight"]
[Result "0-1"]
[WhiteCountry "NED"]
[BlackCountry "POL"]
[WhiteElo "1673"]
[WhiteRD "53"]
[BlackElo "2262"]
[BlackRD "107"]
[GameID "204864"]

1. d4 f5 2. g3 Nf6 3. Bg2 g6 4. Nf3 Bg7 5. O-O O-O 6. Nc3 d6 7. e3 c6 8. Bd2 Nbd7 9. a3 e5 10. dxe5 Nxe5
11. Nxe5 dxe5 12. Qe2 e4 13. Rfd1 Be6 14. Na4 Qc7 15. Bb4 Rfd8 16. Nc5 Bf7 17. Nb3 Nd5 18. Nd4 a6 19. Bc3 c5 20. Nb3 Bxc3
21. Rxd5 Rxd5 22. bxc3 Rad8 23. c4 R5d7 24. Bf1 Qe5 25. Rb1 Qc3 26. a4 b6 27. Kg2 a5 28. Rc1 Rd6 29. Kg1 Be8 30. Ra1 Qb4
31. h4 Bxa4 32. Rb1 Bxb3 33. cxb3 a4
0-1

[Event "Going Dutch"]
[Site "SchemingMind.com"]
[Date "2009.05.20"]
[Round "-"]
[White "goodknight"]
[Black "lemmie"]
[Result "1-0"]
[WhiteCountry "POL"]
[BlackCountry "NED"]
[WhiteElo "2262"]
[WhiteRD "107"]
[BlackElo "1673"]
[BlackRD "53"]
[GameID "204865"]

1. d4 f5 2. g3 Nf6 3. Bg2 e6 4. Nf3 d5 5. O-O Bd6 6. c4 c6 7. b3 Nbd7 8. Ba3 Bxa3 9. Nxa3 a6 10. Qd2 Nf8
11. Nc2 Ne4 12. Qe3 Ng6 13. Nce1 O-O 14. Nd3 Qc7 15. Nfe5 Nxe5 16. Nxe5 Bd7 17. Rac1 Qa5 18. Nxd7 Rfd8 19. Ne5 Qxa2 20. Bxe4 dxe4
21. Rcd1 a5 22. f3 a4 23. bxa4 Rxa4 24. fxe4 Ra3 25. Qg5 Rf8 26. exf5 Qxe2 27. Rde1 Qb2 28. f6 Qxd4+ 29. Kh1 Qc3 30. Qxg7#
1-0

[Event "Going Dutch"]
[Site "SchemingMind.com"]
[Date "2009.05.17"]
[Round "-"]
[White "marekj"]
[Black "lemmie"]
[Result "1-0"]
[WhiteCountry "INT"]
[BlackCountry "NED"]
[WhiteElo "2269"]
[WhiteRD "77"]
[BlackElo "1577"]
[BlackRD "50"]
[GameID "205027"]

1. d4 f5 2. e4 fxe4 3. Nc3 g6 4. Nxe4 Bg7 5. Nf3 Nf6 6. Nxf6+ Bxf6 7. Bd3 d5 8. Bh6 Nc6 9. O-O Bg4 10. c3 Qd6
11. h3 Bxf3 12. Qxf3 O-O-O 13. Qg4+ Kb8 14. f4 Rhg8 15. Rae1 Rge8 16. Re6 Qd7 17. Rfe1 a6 18. Bg5 Bxg5 19. Qxg5 Ka8 20. b4 b5
21. Qh4 Rh8 22. a4 Kb7 23. axb5 axb5 24. Bxb5
1-0

[Event "Going Dutch"]
[Site "SchemingMind.com"]
[Date "2009.05.20"]
[Round "-"]
[White "marekj"]
[Black "goodknight"]
[Result "1-0"]
[WhiteCountry "INT"]
[BlackCountry "POL"]
[WhiteElo "2324"]
[WhiteRD "75"]
[BlackElo "2236"]
[BlackRD "70"]
[GameID "205028"]

1. d4 f5 2. Nc3 g6 3. e4 fxe4 4. Nxe4 Nf6 5. Nxf6+ exf6 6. Bd3 Nc6 7. Ne2 Bg7 8. O-O O-O 9. c3 d5 10. Nf4 Re8
11. Re1 Ne7 12. Qb3 c6 13. Bd2 Nf5 14. h3 Nd6 15. c4 dxc4 16. Bxc4+ Nxc4 17. Qxc4+ Kh8 18. Rxe8+ Qxe8 19. Re1 Qg8 20. d5 Bf5
21. Re7 cxd5 22. Qd4 Rd8 23. Rxb7 a6 24. Bc3 Qf8 25. Qb6 d4 26. Bb4 Qe8 27. Be7 Bc8 28. Bxd8 Bxb7 29. Qxb7 g5 30. Bb6 gxf4
31. Bxd4 a5 32. Qb6 f3 33. Bxf6 fxg2 34. Qd8 Qxd8 35. Bxd8 Bxb2 36. Bxa5 Ba3 37. Kxg2 Kg7 38. Kf3 Kf6 39. Ke4 Ke6 40. Bd2 Kf6
41. Kd5 Kg6 42. Be3 Kh5 43. Bc5 Bc1 44. Be3 Ba3 45. f4 Kg6 46. Ke6
1-0

[Event "Going Dutch"]
[Site "SchemingMind.com"]
[Date "2009.05.22"]
[Round "-"]
[White "lemmie"]
[Black "marekj"]
[Result "0-1"]
[WhiteCountry "NED"]
[BlackCountry "INT"]
[WhiteElo "1596"]
[WhiteRD "50"]
[BlackElo "2324"]
[BlackRD "75"]
[GameID "205029"]

1. d4 f5 2. g3 Nf6 3. Bg2 d6 4. Nf3 g6 5. Nc3 Bg7 6. Be3 O-O 7. O-O Nc6 8. a3 d5 9. Nd2 b6 10. Bg5 Ne4
11. Ndxe4 fxe4 12. f3 Bxd4+ 13. Kh1 Bf5 14. e3 Bxc3 15. bxc3 Qd6 16. fxe4 Bxe4 17. Bf4 Qe6 18. Qe2 Nd8 19. Bh6 Rxf1+ 20. Rxf1 Nf7
21. Bf4 g5 22. Bxc7 Rc8 23. Qh5 Rxc7 24. Bxe4 Qxe4+ 25. Rf3 Ne5 26. Qe8+ Kg7 27. Qf8+ Kg6 28. Qe8+ Kh6 29. Qf8+ Kh5 30. Qe8+ Kg4
0-1

[Event "Going Dutch"]
[Site "SchemingMind.com"]
[Date "2009.05.22"]
[Round "-"]
[White "goodknight"]
[Black "marekj"]
[Result "1/2-1/2"]
[WhiteCountry "POL"]
[BlackCountry "INT"]
[WhiteElo "2254"]
[WhiteRD "71"]
[BlackElo "2318"]
[BlackRD "78"]
[GameID "205030"]

1. d4 f5 2. g3 Nf6 3. Bg2 e6 4. Nf3 d5 5. O-O Bd6 6. c4 Nc6 7. Nc3 O-O 8. cxd5 exd5 9. Nb5 Ne4 10. Nxd6 cxd6
11. Qb3 Be6 12. Qxb7 Rc8 13. Qb5 g5 14. e3 Qd7 15. Rd1 Ne5 16. Qe2 Nxf3+ 17. Bxf3 Rc6 18. Qd3 g4 19. Bg2 Rfc8 20. Bd2 Rc2
21. b3 Qb7 22. Be1 h5 23. Rdb1 Bd7 24. a4 Be8 25. b4 h4 26. b5 h3 27. Bf1 Bg6 28. Qd1 Ng5 29. Bd3 Nf3+ 30. Kh1 Nxe1
31. Qxe1 R2c3 32. Qf1 Kg7 33. Rd1 Qc7 34. a5 Kf6 35. Kg1 Rb8 36. Be2 Rc2 37. Rdb1 Rd2 38. Rc1 Qe7 39. Rc3 Be8 40. b6 axb6
41. a6 Ra8 42. Bd3 Ra7 43. Qb1 f4 44. exf4 Bg6 45. Qf1 Bxd3 46. Rxd3 Re2 47. Rdd1 Qe4 48. Re1 Rxe1 49. Rxe1 Qc2 50. Rc1 Qd2
51. Rc6 Re7=
1/2-1/2

[Event "Going Dutch"]
[Site "SchemingMind.com"]
[Date "2009.05.18"]
[Round "-"]
[White "Schaakmaatje"]
[Black "lemmie"]
[Result "1-0"]
[WhiteCountry "NED"]
[BlackCountry "NED"]
[WhiteElo "1710"]
[WhiteRD "50"]
[BlackElo "1596"]
[BlackRD "50"]
[GameID "205116"]

1. d4 f5 2. g4 fxg4 3. Qd3 d5 4. h3 Nf6 5. Bg5 gxh3 6. Bxh3 Bxh3 7. Rxh3 Nc6 8. Bxf6 exf6 9. c3 Bd6 10. Rxh7 Rxh7
11. Qg6+ Kf8 12. Qxh7 Kf7 13. Qh5+ Kg8 14. Nd2 Qe7 15. O-O-O Nd8 16. e3 Nf7 17. Qxd5 c6 18. Qb3 b5 19. Ngf3 a5 20. a4 Kf8
21. axb5 a4 22. Qa2 cxb5 23. Qb1 b4 24. c4 a3 25. bxa3 bxa3 26. Qa2 Rb8 27. Nb3 Bb4 28. Nfd2 Qc7 29. Rh1 Ke7 30. Ne4 Qxc4+
31. Qc2 Qa6 32. Qc7+ Kf8 33. Qxb8+
1-0

[Event "Going Dutch"]
[Site "SchemingMind.com"]
[Date "2009.05.20"]
[Round "-"]
[White "Schaakmaatje"]
[Black "goodknight"]
[Result "0-1"]
[WhiteCountry "NED"]
[BlackCountry "POL"]
[WhiteElo "1775"]
[WhiteRD "50"]
[BlackElo "2262"]
[BlackRD "107"]
[GameID "205117"]

1. d4 f5 2. e4 fxe4 3. Nc3 Nf6 4. Bg5 Nc6 5. Bxf6 exf6 6. Bc4 f5 7. Nh3 Na5 8. Bd5 c6 9. Bxe4 Qe7 10. O-O fxe4
11. Nxe4 d5 12. Neg5 Qf6 13. Qe2+ Be7 14. Rae1 h6 15. Ne6 Bxe6 16. Qxe6 Qxe6 17. Rxe6 Kf7 18. Rfe1 Rae8 19. Nf4 Bd6 20. Rxe8 Rxe8
21. Rxe8 Kxe8 22. Ne2 Nc4 23. b3 Nd2 24. f3 g5 25. Nc1 c5 26. dxc5 Bxc5+ 27. Kh1 Ke7 28. Nd3 Bd4 29. a3 Kd6
0-1

[Event "Going Dutch"]
[Site "SchemingMind.com"]
[Date "2009.05.23"]
[Round "-"]
[White "Schaakmaatje"]
[Black "marekj"]
[Result "0-1"]
[WhiteCountry "NED"]
[BlackCountry "INT"]
[WhiteElo "1775"]
[WhiteRD "50"]
[BlackElo "2247"]
[BlackRD "77"]
[GameID "205118"]

1. d4 f5 2. g4 fxg4 3. Qd3 c5 4. h3 cxd4 5. hxg4 Nc6 6. Nf3 Qb6 7. Rxh7 Nb4 8. Rxh8 Nxd3+ 9. cxd3 Nh6 10. Ne5 Qa5+
0-1

[Event "Going Dutch"]
[Site "SchemingMind.com"]
[Date "2009.05.21"]
[Round "-"]
[White "lemmie"]
[Black "Schaakmaatje"]
[Result "1/2-1/2"]
[WhiteCountry "NED"]
[BlackCountry "NED"]
[WhiteElo "1596"]
[WhiteRD "50"]
[BlackElo "1710"]
[BlackRD "50"]
[GameID "205119"]

1. d4 f5 2. g3 Nf6 3. Bg2 e6 4. Nf3 Be7 5. Nc3 d6 6. Bd2 O-O 7. O-O Nc6 8. e3 Bd7 9. a3 Be8 10. Ne2 Ne4
11. Nf4 Qd7 12. Be1 g5 13. Nd3 g4 14. Nd2 Nxd2 15. Bxd2 Bf6 16. f3 Bh5 17. Nf4 Qf7 18. Nxh5 Qxh5 19. fxg4 fxg4 20. c3 Rae8
21. Bxc6 bxc6 22. e4 Bg5 23. Qe2=
1/2-1/2

[Event "Going Dutch"]
[Site "SchemingMind.com"]
[Date "2009.05.21"]
[Round "-"]
[White "goodknight"]
[Black "Schaakmaatje"]
[Result "1-0"]
[WhiteCountry "POL"]
[BlackCountry "NED"]
[WhiteElo "2262"]
[WhiteRD "107"]
[BlackElo "1775"]
[BlackRD "50"]
[GameID "205120"]

1. d4 f5 2. g3 Nf6 3. Bg2 e6 4. Nf3 Be7 5. O-O O-O 6. c4 d6 7. Nc3 Bd7 8. Qc2 Nc6 9. d5 exd5 10. cxd5 Nb4
11. Qb3 a5 12. a3 Na6 13. Nd4 Nc5 14. Qc2 Qc8 15. Bd2 c6 16. Rac1 cxd5 17. Nxd5 Nxd5 18. Bxd5+ Kh8 19. b4 axb4 20. axb4 Ne4
21. Bxe4 fxe4 22. Qxe4 Qe8 23. Rc7 Ra2 24. Bc3 Qd8 25. Qxb7 Bh3 26. Rxe7 Bxf1 27. Ne6
1-0

[Event "Going Dutch"]
[Site "SchemingMind.com"]
[Date "2009.05.20"]
[Round "-"]
[White "Manuel Angel"]
[Black "lemmie"]
[Result "1-0"]
[WhiteCountry "ESP"]
[BlackCountry "NED"]
[WhiteElo "2104"]
[WhiteRD "73"]
[BlackElo "1577"]
[BlackRD "50"]
[GameID "205315"]

1. d4 f5 2. c4 Nf6 3. Nf3 e6 4. Nc3 b6 5. g3 Bb7 6. Bg2 Be7 7. O-O d6 8. d5 exd5 9. Ng5 Nbd7 10. Ne6 Qc8
11. Nxg7+ Kf7 12. Nxf5 Ne5 13. Bh3 Qd8 14. cxd5 Ng6 15. Nh6+ Kg7 16. Be6 Bc8 17. Nf7
1-0

[Event "Going Dutch"]
[Site "SchemingMind.com"]
[Date "2009.05.21"]
[Round "-"]
[White "Manuel Angel"]
[Black "Schaakmaatje"]
[Result "1-0"]
[WhiteCountry "ESP"]
[BlackCountry "NED"]
[WhiteElo "2157"]
[WhiteRD "72"]
[BlackElo "1710"]
[BlackRD "50"]
[GameID "205316"]

1. d4 f5 2. c4 Nf6 3. Nf3 g6 4. Nc3 Bg7 5. g3 O-O 6. Bg2 c6 7. O-O d6 8. Ng5 e5 9. dxe5 dxe5 10. Qb3 Qb6
11. Nb5 c5 12. Bd5+ Nxd5 13. cxd5 h6 14. d6+ Kh8 15. Nc7 hxg5 16. Qxb6 axb6 17. Nxa8 Bf6 18. Nxb6 Be6 19. Be3 Na6 20. Rac1 Bd8
21. Nc4 Bxc4 22. Rxc4 b5 23. Rc3 Bb6 24. Bxg5 Nb8 25. Rb3 b4 26. a3 Nc6 27. axb4 cxb4 28. Rc1 Nd4 29. Rxb4 Ba5 30. Rxd4 exd4
31. d7 Kg7 32. Rc8
1-0

[Event "Going Dutch"]
[Site "SchemingMind.com"]
[Date "2009.05.20"]
[Round "-"]
[White "Manuel Angel"]
[Black "goodknight"]
[Result "0-1"]
[WhiteCountry "ESP"]
[BlackCountry "POL"]
[WhiteElo "2166"]
[WhiteRD "75"]
[BlackElo "2254"]
[BlackRD "71"]
[GameID "205317"]

1. d4 f5 2. c4 Nf6 3. Nf3 g6 4. Nc3 Bg7 5. g3 O-O 6. Bg2 d6 7. O-O c6 8. Qd3 Qe8 9. Bg5 e5 10. dxe5 dxe5
11. Qc2 h6 12. Bd2 e4 13. Nd4 Ng4 14. e3 Na6 15. Nce2 Ne5 16. Rad1 Be6 17. b3 Bf7 18. a3 Qe7 19. h4 c5 20. Nb5 Rad8
21. Nxa7 Nc7 22. a4 g5 23. hxg5 Nf3+ 24. Bxf3 exf3 25. Nf4 hxg5 26. Nd3 Qe6 27. Ne1 f4 28. exf4 Bg6 29. Qc1 Qh3 30. Ba5 g4
31. Bxc7 Bc3
0-1

[Event "Going Dutch"]
[Site "SchemingMind.com"]
[Date "2009.05.24"]
[Round "-"]
[White "Manuel Angel"]
[Black "marekj"]
[Result "1/2-1/2"]
[WhiteCountry "ESP"]
[BlackCountry "INT"]
[WhiteElo "2104"]
[WhiteRD "73"]
[BlackElo "2269"]
[BlackRD "77"]
[GameID "205318"]

1. d4 f5 2. c4 e6 3. Nf3 Nf6 4. Nc3 Bb4 5. g3 b6 6. Bg2 Bb7 7. O-O O-O 8. Qb3 Bxc3 9. Qxc3 d6 10. Rd1 Qe8
11. Bf4 Nbd7 12. Qb4 Ne4 13. Nd2 a5 14. Qb5 e5 15. Nxe4 fxe4 16. dxe5 Nxe5 17. Qxe8 Raxe8 18. Rac1 Kf7 19. Be3 Kg6 20. h3 Re7
21. Kh2 h5 22. Kg1 Ref7=
1/2-1/2

[Event "Going Dutch"]
[Site "SchemingMind.com"]
[Date "2009.05.19"]
[Round "-"]
[White "lemmie"]
[Black "Manuel Angel"]
[Result "0-1"]
[WhiteCountry "NED"]
[BlackCountry "ESP"]
[WhiteElo "1596"]
[WhiteRD "50"]
[BlackElo "2157"]
[BlackRD "72"]
[GameID "205319"]

1. d4 f5 2. g3 Nf6 3. Bg2 e6 4. Nf3 d5 5. Bg5 c5 6. c3 Nc6 7. dxc5 Bxc5 8. O-O O-O 9. Nbd2 h6 10. Bxf6 Qxf6
11. a3 f4 12. Nb3 Bd6 13. Nbd4 Bd7 14. Nxc6 bxc6 15. e3 fxe3 16. fxe3 a5 17. Nh4 Qg5 18. Qd3 Bc5 19. Kh1 Qxe3 20. Qxe3 Bxe3
21. Ng6 Rxf1+ 22. Rxf1 Be8 23. Rf8+ Kh7 24. Ne7 Bc5 25. Bf1 Bxe7 26. Bd3+ g6 27. Rf1 e5
0-1

[Event "Going Dutch"]
[Site "SchemingMind.com"]
[Date "2009.05.23"]
[Round "-"]
[White "Schaakmaatje"]
[Black "Manuel Angel"]
[Result "0-1"]
[WhiteCountry "NED"]
[BlackCountry "ESP"]
[WhiteElo "1775"]
[WhiteRD "50"]
[BlackElo "1986"]
[BlackRD "78"]
[GameID "205320"]

1. d4 f5 2. Qd3 e6 3. g4 fxg4 4. h3 Qh4 5. Bg2 Nc6 6. c3 Nf6 7. hxg4 Qxg4 8. Bf3 Qf5 9. e4 Qg6 10. Be3 d5
11. Nd2 e5 12. dxe5 Nxe5 13. Qd4 Bd6 14. exd5 O-O 15. Qh4 Bg4 16. Be4 Nxe4 17. Nxe4 Qxe4
0-1

[Event "Going Dutch"]
[Site "SchemingMind.com"]
[Date "2009.05.20"]
[Round "-"]
[White "goodknight"]
[Black "Manuel Angel"]
[Result "0-1"]
[WhiteCountry "POL"]
[BlackCountry "ESP"]
[WhiteElo "2245"]
[WhiteRD "84"]
[BlackElo "2104"]
[BlackRD "73"]
[GameID "205321"]

1. d4 f5 2. g3 Nf6 3. Bg2 e6 4. Nf3 Nc6 5. O-O d5 6. c4 dxc4 7. Qa4 Bd7 8. Qxc4 Bd6 9. Nc3 O-O 10. Bg5 Qe8
11. Nb5 Ne4 12. Nxd6 cxd6 13. Bf4 Rc8 14. Qb3 Qe7 15. Rfd1 g5 16. Bc1 b6 17. d5 exd5 18. Be3 Be6 19. Nd4 f4 20. Nxc6 Rxc6
21. Bd4 Rfc8 22. Qd3 Qf7 23. gxf4 Qxf4 24. Be3 Qh4 25. Qa3 a5 26. Qb3 Rf8 27. Qc3 Nxc3
0-1

[Event "Going Dutch"]
[Site "SchemingMind.com"]
[Date "2009.05.20"]
[Round "-"]
[White "marekj"]
[Black "Manuel Angel"]
[Result "1/2-1/2"]
[WhiteCountry "INT"]
[BlackCountry "ESP"]
[WhiteElo "2318"]
[WhiteRD "78"]
[BlackElo "2166"]
[BlackRD "75"]
[GameID "205322"]

1. d4 f5 2. e4 fxe4 3. Nc3 Nf6 4. Bg5 c6 5. f3 d5 6. fxe4 dxe4 7. Qd2 Nbd7 8. Nge2 h6 9. Bf4 e6 10. a3 Be7
11. Ng3 Nd5 12. Ngxe4 Nxf4 13. Qxf4 Nf6 14. O-O-O O-O 15. Nxf6+ Rxf6 16. Qe3 Qc7 17. g3 Bd7 18. Ne4 Rf7 19. Kb1 b6 20. Qb3 Raf8
21. Bh3 Qc8 22. Rhe1 Kh8 23. Bg4 Kh7 24. Nd2 Rf6 25. Nc4 Be8 26. Qc3 Kh8 27. Re2 Qd8 28. Rxe6 Rxe6 29. Bxe6 Bf6 30. Rf1 Qe7
31. Qe3 Bg6 32. Ne5 Bxe5 33. Rxf8+ Qxf8 34. Qxe5 Qf1+ 35. Ka2 Kh7 36. Bb3 Qd1 37. Qe6 Bxc2 38. Qg8+ Kg6 39. Qe8+ Kg5 40. Bxc2 Qxc2
41. Qf7 Kg4 42. Qxg7+ Kf3 43. Qxh6=
1/2-1/2

[Event "Going Dutch"]
[Site "SchemingMind.com"]
[Date "2009.05.21"]
[Round "-"]
[White "Mosselman"]
[Black "lemmie"]
[Result "1-0"]
[WhiteCountry "NED"]
[BlackCountry "NED"]
[WhiteElo "2059"]
[WhiteRD "206"]
[BlackElo "1701"]
[BlackRD "52"]
[GameID "205494"]

1. d4 f5 2. e4 fxe4 3. Nc3 d5 4. Qh5+ g6 5. Qxd5 Qxd5 6. Nxd5 Kd8 7. Bf4 Na6 8. Be5 Nf6 9. Nxf6 Bg7 10. Nd5 Bxe5
11. dxe5 Nc5 12. O-O-O e6 13. Nb6+
1-0

[Event "Going Dutch"]
[Site "SchemingMind.com"]
[Date "2009.05.23"]
[Round "-"]
[White "Mosselman"]
[Black "Manuel Angel"]
[Result "0-1"]
[WhiteCountry "NED"]
[BlackCountry "ESP"]
[WhiteElo "1887"]
[WhiteRD "133"]
[BlackElo "2157"]
[BlackRD "72"]
[GameID "205496"]

1. d4 f5 2. g3 Nf6 3. Bg2 e6 4. Nf3 Nc6 5. O-O Be7 6. Bf4 d5 7. Nbd2 O-O 8. Nb3 Bd7 9. a3 Ne4 10. Nfd2 Bd6
11. Bxd6 cxd6 12. f3 Nf6 13. e4 Qb6 14. exf5 e5 15. g4 Nxd4 16. Kh1 Nxb3 17. Nxb3 d4 18. Rb1 Nd5 19. Qe1 Rac8 20. Qd2 Ba4
21. Na1 Nf4 22. Rfe1 Bc6 23. Nb3 h5 24. h3 d3 25. Nc1 hxg4 26. hxg4 Kf7 27. Re3 Bxf3 28. Bxf3 Rxc2
0-1

[Event "Going Dutch"]
[Site "SchemingMind.com"]
[Date "2009.05.21"]
[Round "-"]
[White "Mosselman"]
[Black "goodknight"]
[Result "0-1"]
[WhiteCountry "NED"]
[BlackCountry "POL"]
[WhiteElo "2059"]
[WhiteRD "206"]
[BlackElo "2257"]
[BlackRD "112"]
[GameID "205497"]

1. d4 f5 2. e4 fxe4 3. Nc3 Nf6 4. Bg5 d5 5. Bxf6 exf6 6. Qh5+ g6 7. Qxd5 Bb4 8. Qb5+ Nc6 9. d5 Bxc3+ 10. bxc3 a6
11. Qa4 Qxd5 12. Rd1 Qe5 13. Qb3 Be6 14. c4 Nd4 15. Qb1 e3 16. f3 Qa5+
0-1

[Event "Going Dutch"]
[Site "SchemingMind.com"]
[Date "2009.05.23"]
[Round "-"]
[White "Mosselman"]
[Black "marekj"]
[Result "0-1"]
[WhiteCountry "NED"]
[BlackCountry "INT"]
[WhiteElo "1940"]
[WhiteRD "141"]
[BlackElo "2247"]
[BlackRD "77"]
[GameID "205498"]

1. d4 f5 2. g3 Nf6 3. Bg2 g6 4. c4 Bg7 5. Nc3 O-O 6. e3 d6 7. Nge2 Nc6 8. O-O e5 9. d5 Nb8 10. e4 a5
11. b3 Na6 12. Be3 f4 13. gxf4 Ng4 14. h3 exf4 15. Bxf4 Bxc3 16. Nxc3 Rxf4 17. hxg4 Rxg4 18. f3 Rh4 19. Kf2 Qf6 20. Ne2 Rxe4
21. Ng3 Rg4 22. Ne4 Rxe4
0-1

[Event "Going Dutch"]
[Site "SchemingMind.com"]
[Date "2009.05.21"]
[Round "-"]
[White "lemmie"]
[Black "Mosselman"]
[Result "0-1"]
[WhiteCountry "NED"]
[BlackCountry "NED"]
[WhiteElo "1673"]
[WhiteRD "53"]
[BlackElo "1940"]
[BlackRD "141"]
[GameID "205499"]

1. d4 f5 2. g3 Nf6 3. Bg2 e6 4. c4 c6 5. Nf3 d5 6. cxd5 cxd5 7. Bg5 Be7 8. Ne5 Nc6 9. e3 Nxe5 10. dxe5 Nd7
11. Bxe7 Qxe7 12. Nc3 Nxe5 13. Rc1 Bd7 14. O-O O-O 15. a3 Nc4 16. Qe2 Rac8 17. h4 Rc7 18. Rc2 Rfc8 19. Rfc1 a6 20. Nb1 Bb5
21. Qe1 Nxb2 22. Rxc7 Rxc7 23. Kh2 Nd3 24. Rxc7 Qxc7 25. Qd2 Qc1 26. Qxc1 Nxc1 27. Nc3 Bc6 28. Bf1 Nb3 29. Na2 Nd2 30. Be2 Nc4
31. Nb4 a5 32. Nxc6 bxc6 33. Bxc4 dxc4
0-1

[Event "Going Dutch"]
[Site "SchemingMind.com"]
[Date "2009.05.21"]
[Round "-"]
[White "Schaakmaatje"]
[Black "Mosselman"]
[Result "1-0"]
[WhiteCountry "NED"]
[BlackCountry "NED"]
[WhiteElo "1775"]
[WhiteRD "50"]
[BlackElo "1940"]
[BlackRD "141"]
[GameID "205500"]

1. d4 f5 2. Qd3 d5 3. g4 g6 4. gxf5 Bxf5 5. Qb5+ Nc6 6. Qxb7 Nxd4 7. Na3 Bxc2 8. e3 Be4 9. Bb5+ Nxb5 10. Qxb5+ Qd7
11. Qb7 Qc8 12. Qc6+ Kf7 13. f3 Bf5 14. Qxd5+ Be6 15. Qd3 Bg7 16. Nb5 Nf6 17. Nd4 Rd8 18. Qc3 Nd5 19. Qa3 Rd6 20. Nge2 Ra6
21. Qd3 Nb4 22. Qe4 Bf5 23. Nxf5
1-0

[Event "Going Dutch"]
[Site "SchemingMind.com"]
[Date "2009.05.24"]
[Round "-"]
[White "Manuel Angel"]
[Black "Mosselman"]
[Result "1-0"]
[WhiteCountry "ESP"]
[BlackCountry "NED"]
[WhiteElo "2157"]
[WhiteRD "72"]
[BlackElo "1887"]
[BlackRD "133"]
[GameID "205501"]

1. d4 f5 2. c4 Nf6 3. Nf3 e6 4. Nc3 Be7 5. g3 O-O 6. Bg2 Nc6 7. O-O d6 8. d5 exd5 9. cxd5 Ne5 10. Nd4 Rb8
11. Qc2 Bd7 12. f4 Nc4 13. b3 Nb6 14. Nxf5 g6 15. Nd4 Ng4 16. Ne6 Bxe6 17. dxe6 c6 18. Bh3 Nf6 19. f5 d5 20. fxg6 hxg6
21. Qxg6+ Kh8 22. Be3 Qe8 23. Qh6+ Kg8 24. Qg5+ Kh8 25. Bd4
1-0

[Event "Going Dutch"]
[Site "SchemingMind.com"]
[Date "2009.05.21"]
[Round "-"]
[White "goodknight"]
[Black "Mosselman"]
[Result "1-0"]
[WhiteCountry "POL"]
[BlackCountry "NED"]
[WhiteElo "2257"]
[WhiteRD "112"]
[BlackElo "2059"]
[BlackRD "206"]
[GameID "205502"]

1. d4 f5 2. g3 Nf6 3. Bg2 e6 4. Nf3 d5 5. O-O Bd6 6. c4 c6 7. b3 O-O 8. Ba3 b6 9. Bxd6 Qxd6 10. Nc3 Ba6
11. Ne5 Nbd7 12. f4 Ne4 13. Nxe4 fxe4 14. e3 Nxe5 15. fxe5 Qe7 16. Qg4 g6 17. Bh3 Rf5 18. Qe2 Rff8 19. Rf4 Rxf4 20. gxf4 Re8
21. Bf1 Qh4 22. Qg2 Kg7 23. Rc1 Re7 24. Qg3 Qxg3+ 25. hxg3 Bb7 26. b4 a6 27. a4 a5 28. bxa5 bxa5 29. cxd5 cxd5 30. Rc5 Kf7
31. Rxa5 Rc7 32. Rc5 Rxc5 33. dxc5 Ke7 34. Bb5 Kd8 35. a5 Kc7 36. a6 Ba8 37. a7 h6 38. Be8 g5 39. f5 exf5 40. e6 f4
41. e7 fxe3 42. Bb5 e2 43. Kf2
1-0

[Event "Going Dutch"]
[Site "SchemingMind.com"]
[Date "2009.05.23"]
[Round "-"]
[White "marekj"]
[Black "Mosselman"]
[Result "1-0"]
[WhiteCountry "INT"]
[BlackCountry "NED"]
[WhiteElo "2247"]
[WhiteRD "77"]
[BlackElo "1940"]
[BlackRD "141"]
[GameID "205503"]

1. d4 f5 2. e4 fxe4 3. Nc3 Nf6 4. f3 exf3 5. Nxf3 e6 6. Bd3 Bb4 7. O-O O-O 8. Qe1 b6 9. Bg5 Bb7 10. Qh4 h6
11. Bxh6 gxh6 12. Qg3+ Kh8 13. Ne5 Bxc3 14. bxc3 Be4 15. Bxe4 Nxe4 16. Qe3 Nf6 17. Qxh6+ Kg8 18. Qg6+ Kh8 19. Rf3 Nh7 20. Rf7
1-0

[Event "Going Dutch"]
[Site "SchemingMind.com"]
[Date "2009.05.22"]
[Round "-"]
[White "King"]
[Black "lemmie"]
[Result "1-0"]
[WhiteCountry "ITA"]
[BlackCountry "NED"]
[WhiteElo "1742"]
[WhiteRD "82"]
[BlackElo "1673"]
[BlackRD "53"]
[GameID "205536"]

1. d4 f5 2. c4 Nf6 3. Nc3 e6 4. Bg5 Be7 5. Qd3 h6 6. Bf4 b6 7. e3 Bb7 8. Nb5 c6 9. Nc7+ Kf7 10. Nf3 g5
11. Ne5+ Kf8 12. Bg3 f4 13. exf4 Qxc7 14. fxg5 Kg7 15. Qg6+
1-0

[Event "Going Dutch"]
[Site "SchemingMind.com"]
[Date "2009.05.21"]
[Round "-"]
[White "King"]
[Black "Schaakmaatje"]
[Result "0-1"]
[WhiteCountry "ITA"]
[BlackCountry "NED"]
[WhiteElo "1742"]
[WhiteRD "82"]
[BlackElo "1775"]
[BlackRD "50"]
[GameID "205537"]

1. d4 f5 2. c4 Nf6 3. Nc3 e6 4. Qd3 Bb4 5. Bd2 d6 6. Nf3 O-O 7. a3 Bxc3 8. Bxc3 Ne4 9. e3 Nd7 10. Nd2 Ndf6
11. f3 Nxc3 12. Qxc3 Qe8 13. Bd3 Qg6 14. O-O Qh6 15. e4 fxe4 16. fxe4 Bd7 17. Rae1 Ng4 18. h3 Rxf1+ 19. Kxf1 Qf4+ 20. Nf3 Nf6
21. Kg1 Nh5 22. e5 Rf8 23. Re4 Qh6 24. b4 Nf4 25. Qd2 Bc6 26. d5 exd5 27. cxd5 Bxd5 28. Bc4 Bxc4 29. Rxc4 dxe5 30. Rxc7 Qb6+
0-1

[Event "Going Dutch"]
[Site "SchemingMind.com"]
[Date "2009.05.23"]
[Round "-"]
[White "King"]
[Black "Manuel Angel"]
[Result "0-1"]
[WhiteCountry "ITA"]
[BlackCountry "ESP"]
[WhiteElo "1727"]
[WhiteRD "81"]
[BlackElo "2104"]
[BlackRD "73"]
[GameID "205538"]

1. d4 f5 2. c4 e6 3. Nc3 Nf6 4. Nf3 Be7 5. Qc2 O-O 6. e4 fxe4 7. Nxe4 Nxe4 8. Qxe4 d5 9. cxd5 exd5 10. Qc2 Nc6
11. Bd3 Bb4+ 12. Bd2 Qe8+ 13. Be2 Rxf3 14. gxf3 Nxd4 15. Qd3 Bc5 16. Bc3 Bf5 17. Qd1 Nxf3+ 18. Kf1 Bh3#
0-1

[Event "Going Dutch"]
[Site "SchemingMind.com"]
[Date "2009.05.22"]
[Round "-"]
[White "King"]
[Black "goodknight"]
[Result "0-1"]
[WhiteCountry "ITA"]
[BlackCountry "POL"]
[WhiteElo "1777"]
[WhiteRD "85"]
[BlackElo "2257"]
[BlackRD "112"]
[GameID "205539"]

1. d4 f5 2. c4 Nf6 3. Nc3 g6 4. Bg5 Bg7 5. Qd2 O-O 6. Bh6 Bxh6 7. Qxh6 Nc6 8. Nf3 d6 9. Ng5 e5 10. Nd5 Qd7
11. h4 Ng4 12. Nxh7 Qxh7 13. Qg5 Nxd4 14. O-O-O c6 15. e3 Ne6 16. Qxg6+ Qxg6 17. Ne7+ Kg7 18. Nxg6 Kxg6 19. Rd2 Nc5 20. Rxd6+ Kf7
21. h5 Be6 22. h6 Ne4 23. Rxe6 Kxe6 24. f3 Ngf2 25. Rh4 Ng3 26. Kd2 Nxf1+ 27. Ke2 Nxe3 28. Kxe3 Nd1+ 29. Kd2 Rad8+ 30. Ke2 Nxb2
31. g4 fxg4 32. fxg4 Rf4 33. h7 Rh8 34. Rh6+ Kf7 35. g5 Rg4
0-1

[Event "Going Dutch"]
[Site "SchemingMind.com"]
[Date "2009.05.23"]
[Round "-"]
[White "King"]
[Black "marekj"]
[Result "0-1"]
[WhiteCountry "ITA"]
[BlackCountry "INT"]
[WhiteElo "1742"]
[WhiteRD "82"]
[BlackElo "2247"]
[BlackRD "77"]
[GameID "205540"]

1. d4 f5 2. c4 e6 3. Nc3 Nf6 4. Nf3 Bb4 5. Bd2 O-O 6. Qc2 b6 7. a3 Bxc3 8. Bxc3 Ne4 9. e3 Bb7 10. Bd3 d6
11. O-O Nd7 12. Nd2 Nxc3 13. Qxc3 Qh4 14. Rfe1 Rf6 15. Bf1 Rh6 16. h3 Rg6 17. Kh2 Qxf2 18. Re2 Rxg2+ 19. Bxg2 Qxe2 20. Rg1 Nf6
21. Kh1 Qh5 22. e4 Nxe4 23. Nxe4 Bxe4 24. Bxe4 fxe4 25. d5 e5 26. Qg3 Qf3+ 27. Kh2 Qxg3+ 28. Kxg3 Rf8 29. Re1 Rf4 30. h4 Kf7
31. Re3 Rf3+ 32. Rxf3+ exf3 33. Kxf3 Kf6 34. Kg4 g6 35. b4 a6 36. a4 h5+ 37. Kg3 g5 38. a5 bxa5 39. b5 axb5
0-1